00846cam 2200277 4500001000800000005001700008008004100025035002100066906004500087010001700132020001500149040001800164050002200182082000800204100003400212245004200246250002300288260004200311300002700353504003000380650002500410650002200435650001800457991006100475099003200536314216819960919105540.4731128r1974 maua b 001 0 eng  9(DLC) 73020446 a7bcbccorignewd1eocipf19gy-gencatlg a 73020446  a0316109304 aDLCcDLCdDLC00aQ175b.B7918 197400a5011 aBronowski, Jacob,d1908-1974.14aThe ascent of manc[by] J. Bronowski. a[1st American ed.] aBoston,bLittle, Brownc[1974, c1973] a448 p.billus.c26 cm. aBibliography: p. 440-442. 0aSciencexPhilosophy. 0aSciencexHistory. 0aHuman beings. bc-GenCollhQ175i.B7918 1974p00009935599tCopy 1wBOOKS abronowski-ascent-1072279887